Transition Metals(no lanthanides, actinides nor radioactive) - Statistics

General Stats
  • This quiz has been taken 11 times
  • The average score is 25 of 30
Answer Stats
Answer % Correct
scandium
100%
titanium
100%
chromium
89%
cobalt
89%
copper
89%
gold
89%
iron
89%
manganese
89%
molybdenum
89%
nickel
89%
osmium
89%
palladium
89%
platinum
89%
rhenium
89%
rhodium
89%
silver
89%
tungsten
89%
vanadium
89%
zinc
89%
zirconium
89%
cadmium
78%
hafnium
78%
mercury
78%
niobium
78%
ruthenium
78%
tantalum
78%
technetium
78%
yttrium
78%
iridium
67%
lanthanum
33%
No matching quizzes found
Score Distribution
Percent of People with Each Score
Percentile by Number Answered
Your Score History
You have not taken this quiz